000 00668cam a2200193 4500
001 WB3601-42
008 000000n1999 000 0 eng u
035 _a(Sirsi) u103306
245 _aIgnorant agents blasted
260 _c1999
490 _aProperty Week
_v64(49) 17 December 1999, 5(1)
520 _aThe head of the RICS's rating panel, Charles Partridge, has criticised agents for being ignorant about April's revaluation allowing the 'rating cowboys' to gain a foothold in the market.
590 _aWB
650 _aRATING REVALUATION
650 _aRATING COWBOYS
650 _aRATING REVALUATION 2000
690 _aRATING AND VALUATION
942 _n0
999 _c62085
_d62085